000 01027 a2200205 4500
001 15360
005 20260407155450.0
008 260407a1975 arg spa d
003 AR-UNSa-BCEJYS
040 _aAR-UNSa-BCEJYS
_bspa
_cAR-UNSa-BCEJYS
080 _a347.736
_xQuiebra. Insolvencia. Suspensión de pagos. Bancarrota, procedimientos. Derecho Concursal
245 1 0 _aAlgunas cuestiones de derecho concursal
264 1 _aBuenos Aires :
_bAbaco de Rodolfo Depalma
_c1975
300 _a238 p.
_c20 cm.
505 _a1. Estructura y principios orientadores de la Ley de Concursos - 2. Aspectos de la verificación de créditos en la Ley de Concursos - 3. La presentación y la ratificación en el concurso preventivo de sociedades - 4. El acuerdo por cesión de bienes
942 _cBK
590 _aniveau_biblio:m niveau_hierar:0
100 1 _aAlegría, Héctor
856 4 1 _uhttps://biblioeco.unsa.edu.ar/pmb/images/libros/Algunas cuestiones de derecho concursal Alegr?a, H?ctor (1975).jpg
_yImagen de portada
_qimage/jpeg
999 _c645
_d645